Marketing bankových produktov
Teoretické aspekty bankového marketingu. Definícia bankových produktov. Predmet vzťahu medzi bankou a zákazníkom. Analýza problému dôveryhodnosti banky. Produkt a jeho ponuka. Cenová politika. Komunikačná politika. Distribučná politika banky. Riadenie ľudských zdrojov.
Salvato in:
| Autore principale: | |
|---|---|
| Natura: | Capitolo di libro |
| Lingua: | slovacco |
| Soggetti: | |
| Tags: |
Nessun Tag, puoi essere il primo ad aggiungerne!!
|
MARC
| LEADER | 00000naa$a2200000$$$4500 | ||
|---|---|---|---|
| 001 | 0022732 | ||
| 005 | 20230918083100.8 | ||
| 041 | 0 | |a slo | |
| 044 | |a SK | ||
| 245 | 1 | 0 | |a Marketing bankových produktov |c Jaroslav Belás |
| 520 | |a Teoretické aspekty bankového marketingu. Definícia bankových produktov. Predmet vzťahu medzi bankou a zákazníkom. Analýza problému dôveryhodnosti banky. Produkt a jeho ponuka. Cenová politika. Komunikačná politika. Distribučná politika banky. Riadenie ľudských zdrojov. | ||
| 610 | 2 | 0 | |a marketing |
| 610 | 2 | 0 | |a bankovníctvo |
| 610 | 2 | 0 | |a banky |
| 610 | 2 | 0 | |a produkty |
| 610 | 2 | 0 | |a pojmy |
| 610 | 2 | 0 | |a politika cenová |
| 610 | 2 | 0 | |a komunikácia |
| 610 | 2 | 0 | |a ceny |
| 610 | 2 | 0 | |a marketing mix |
| 100 | 1 | |a Belás, Jaroslav | |